Central Library OPAC University of Rajshahi

An Integrated approach to the control of post-harvest banana diseases with special emphasis on anthracnose / (Record no. 81240)

MARC details
000 -LEADER
fixed length control field 00960nam a22002417a 4500
001 - CONTROL NUMBER
RUCL Control Number 81240
003 - CONTROL NUMBER IDENTIFIER
rucl marc code BD-RjUL
005 - DATE AND TIME OF LATEST TRANSACTION
control field 20231114110538.0
008 - FIXED-LENGTH DATA ELEMENTS--GENERAL INFORMATION
fixed length control field 230215s2013 bg a|||| m||| 00| 0 eng d
035 ## - SYSTEM CONTROL NUMBER
system control number (BD-RjUL)81240
040 ## - CATALOGING SOURCE
Original cataloging agency BD-RjUL
Language of cataloging eng
Transcribing agency BD-RjUL
Modifying agency BD-RjUL
041 ## - LANGUAGE CODE
Language code of Book eng
082 ## - DEWEY DECIMAL CLASSIFICATION NUMBER
DDC Edition number 23
Classification number 344.043
Author mark and Year JOI 2013
100 ## - MAIN ENTRY--PERSONAL NAME
Personal name Joarder, Md. Shafiqul Islam
9 (RLIN) 7019
245 10 - TITLE STATEMENT
Title An Integrated approach to the control of post-harvest banana diseases with special emphasis on anthracnose /
Statement of responsibility, etc By Md. Shafiqul Islam Joarder ;
Name of Supervisor/Co-Supervisor Supervisor : Mohammad Shahidul Alam,
260 ## - PUBLICATION, DISTRIBUTION, ETC. (IMPRINT)
Place of publication, distribution, etc Rashahi :
Name of publisher, distributor, etc Department of Botany, University of Rajshahi,
Date of publication, distribution, etc 2013
300 ## - PHYSICAL DESCRIPTION
Pagination vii, 119 leaves :
Other physical details ill, ;
Dimensions 29.cm.
502 ## - DISSERTATION NOTE
Dissertation note Thesis (Ph. D.) -- Department of Botany, University of Rajshahi, 2013
504 ## - BIBLIOGRAPHY, ETC. NOTE
Bibliography, etc References : Leaves 95 - 119
650 ## - SUBJECT ADDED ENTRY--TOPICAL TERM
Topical term or geographic name as entry element Control of disease
Form subdivision Social service
9 (RLIN) 7020
700 ## - ADDED ENTRY--SUPERVISOR/CO-SUPERVISOR NAME
Personal name Alam, Mohammad. Shahidul, Supervisor
9 (RLIN) 7021
942 ## - ADDED ENTRY ELEMENTS (KOHA)
Source of classification or shelving scheme Dewey Decimal Classification
Koha item type Theses
Holdings
Source of classification or shelving scheme Damaged status Not for loan Collection code Permanent Location Current Location Shelving location Date of accession Source of acquisition Full call number Barcode Date last seen Copy number Thesis
Dewey Decimal Classification   Not For Loan Theses Central Library, University of Rajshahi Central Library, University of Rajshahi Documentation Section 24/10/2013 Controller of Exam. R.U. THE 344.043 JOI 2013 D3528 15/02/2023 C-1 Theses